| 000 | 01010cam a22002291 4500 | ||
|---|---|---|---|
| 001 | e 39000307 | ||
| 003 | DLC | ||
| 005 | 20260227111228.0 | ||
| 008 | 830606s1939 nyu 000 0 eng c | ||
| 010 | _ae 39000307 | ||
| 035 | _a(OCoLC)9580386 | ||
| 040 |
_aU. S. Off. of educ. Library _cICarbS _dDLC |
||
| 050 | 0 | 0 |
_aLA337 _b.H6 |
| 100 | 1 |
_aHorner, Harlan Hoyt, _d1878-1965. |
|
| 245 | 1 | 4 |
_aThe state and higher education, _cby Harlan H. Horner, associate commissioner of education, New York state education department. |
| 260 |
_aAlbany, _bThe University of the state of New York, _c1939. |
||
| 300 |
_a3-36 p. _bincl. tables. _c23 cm. |
||
| 490 | 0 |
_aUniversity of the state of New York bulletin, _vno. 1162 ... April 15, 1939 |
|
| 500 | _a"A paper presented at the annual meeting of the Association of colleges and universities of the state of New York at Syracuse, Friday, January 27, 1939." | ||
| 650 | 0 |
_aUniversities and colleges _zNew York (State) |
|
| 650 | 0 |
_aEducation and state _zNew York (State) |
|
| 999 |
_c21668 _d21668 |
||